| 000 | 02379cam a22006374i 4500 | ||
|---|---|---|---|
| 003 | PE-LiUPU | ||
| 005 | 20250731170439.0 | ||
| 008 | 150625s r 000 0 d | ||
| 020 | _a8425421608 | ||
| 035 | _a(Sirsi) i9788425421600 | ||
| 040 |
_aPE-LiUPU _bspa _cPE-LiUPU _erda |
||
| 049 | _aPRUA | ||
| 082 | 0 | 4 |
_a182.09 _bG681 _221 |
| 100 | 1 |
_aGomperz, Theodor, _eautor. |
|
| 245 | 1 | 0 |
_aPensadores Griegos : _buna historia de la filosofía de la antigüedad. De los comienzos a la época de las luces. _n1 / _cTheodor Gomperz. |
| 264 | 1 |
_aBarcelona : _bHerder, _c2000. |
|
| 300 |
_a543 páginas : _bilustraciones, fotos ; _c25 centímetros |
||
| 336 |
_atext _2rdacontent |
||
| 337 |
_aunmediated _2rdamedia |
||
| 338 |
_avolume _2rdacarrier |
||
| 500 | _aTraducción de la tercera edición alemana (1910-1912). | ||
| 504 | _aIncluye referencias bibliográficas al pie de páginas. | ||
| 505 | 0 | _aLos comienzos. -De la metafísica a la ciencia positiva. -La época de las luces. | |
| 526 | _aSEG68 | ||
| 526 | _aSEG70 | ||
| 526 | _aSEG69 | ||
| 526 | _aSEG67 | ||
| 526 | _aSEG43 | ||
| 526 | _aP144 | ||
| 526 | _aP143 | ||
| 526 | _aP131 | ||
| 526 | _aP122 | ||
| 526 | _aP120 | ||
| 526 | _aP117 | ||
| 526 | _aP112 | ||
| 526 | _aP110 | ||
| 526 | _aP106 | ||
| 526 | _aP101 | ||
| 526 | _aP80 | ||
| 526 | _aP59 | ||
| 526 | _aP54 | ||
| 526 | _aP35 | ||
| 526 | _aP33 | ||
| 526 | _aP30 | ||
| 541 | _g007-0017629; | ||
| 650 | 0 | 4 |
_aFilosofía griega _xEpoca antigua _ySiglo VI a. C. |
| 650 | 0 | 4 | _aFilósofos griegos. |
| 942 |
_2ddc _cBOOK |
||
| 949 |
_a182.09 G68 1 _wDEWEY _c1 _i59233 _lCCODEBUL1 _mBUL _r0 _sY _tBOOK _u2015-6-25 _xSALUD _PP35 _0COMPRA _o.STAFF. Colección General |
||
| 949 |
_a182.09 G68 1 _wDEWEY _c2 _i55914 _d2016-6-16 _e2016-6-13 _lCCODEBUL1 _mBUL _n3 _p45.00 _r0 _sY _tBOOK _u2015-6-25 _xSALUD _zUNKNOWN _0COMPRA _o.STAFF. Colección General |
||
| 994 |
_aC0 _bPEPRU |
||
| 596 | _a1 | ||
| 999 |
_a182.09 G68 1 _wDEWEY _c44752 _i59233 _f2021-11-4 _g5 _lCCODEBUL1 _mBUL _r0 _sY _tBOOK _u2015-6-25 _xBIBLIOTECA _PP35 _0COMPRA _o.STAFF. Colección General _d44752 |
||
| 999 |
_a182.09 G68 1 _wDEWEY _c2 _i55914 _d2019-5-8 _e2016-6-13 _f2021-11-4 _g5 _lCCODEBUL1 _mBUL _n3 _p45.00 _q4 _r0 _sY _tBOOK _u2015-6-25 _xBIBLIOTECA _zUNKNOWN _0COMPRA _o.STAFF. Colección General |
||
| 980 |
_81 _gALBERTO SANCHEZ Responsable de Automatización |
||